| 000 -LEADER |
| fixed length control field |
00626nam a22001937a 4500 |
| 005 - DATE AND TIME OF LATEST TRANSACTION |
| control field |
20240418120018.0 |
| 008 - FIXED-LENGTH DATA ELEMENTS--GENERAL INFORMATION |
| fixed length control field |
240418s2006 enk||||| |||| 00| 0 eng d |
| 020 ## - INTERNATIONAL STANDARD BOOK NUMBER |
| International Standard Book Number |
9780323045308x |
| 041 ## - LANGUAGE CODE |
| Language code of text/sound track or separate title |
eng |
| 080 ## - UNIVERSAL DECIMAL CLASSIFICATION NUMBER |
| Universal Decimal Classification number |
616-006 B-84 |
| 100 ## - MAIN ENTRY--PERSONAL NAME |
| Personal name |
Brashers, Valentina L. |
| 9 (RLIN) |
21858 |
| 245 ## - TITLE STATEMENT |
| Title |
Clinical Applications of Pathophysiology: |
| Remainder of title |
An Evidence-Based Approach |
| Statement of responsibility, etc. |
Valentina L. Brashers. |
| 250 ## - EDITION STATEMENT |
| Edition statement |
Third edition |
| 264 ## - PRODUCTION, PUBLICATION, DISTRIBUTION, MANUFACTURE, AND COPYRIGHT NOTICE |
| Place of production, publication, distribution, manufacture |
St. Louis : |
| Name of producer, publisher, distributor, manufacturer |
Mosby, |
| Date of production, publication, distribution, manufacture, or copyright notice |
2006. |
| 300 ## - PHYSICAL DESCRIPTION |
| Extent |
390 p. : |
| Other physical details |
ill.; |
| Dimensions |
28 cm. |
| 653 ## - INDEX TERM--UNCONTROLLED |
| keyword |
პათოფიზიოლოგია |
| 653 ## - INDEX TERM--UNCONTROLLED |
| keyword |
მედიცინა |
| 942 ## - ADDED ENTRY ELEMENTS (KOHA) |
| Source of classification or shelving scheme |
|
| Koha item type |
წიგნი |